00240nam a2200097Ia 4500008004100000100000900041245003900050260002900089942000700118999001700125190216s9999||||xx |||||||||||||| ||und|| aNull 0aHindi-Sree Path Krishna Kolahatkar bMac Millian And Com. Ltd cBK c18398d18398